000 00662cam a2200193 i 4500
005 20260202104549.0
008 250721s2005 su gr 000 0 ara d
020 _a996095983X
082 1 4 _a370.78
_bج ي د
100 1 _aجيدوري، صابر عوض
_eمؤلف.
245 1 0 _aمناهج البحث التربوي /
_cتأليف د. صابر عوض جيدوري، د. نائل محمد أخرس.
250 _aالطبعة الأولى.
264 3 1 _aعمان :
_bشركة كنوز المعرفة،
_c2005.
300 _a257 صفحة.
650 1 7 _aالتربية.
650 1 7 _aالبحوث.
942 _2ddc
_cBK
999 _c136830
_d136830